Nghị quyết hội nghị lần thứ sáu. Ban chấp hành trung ương Đảng (Khóa IV) Về phương pháp, nhiệm vụ phát triển công nghiệp hàng tiêu dùng và công nghiệp địa phương

שמור ב:
מידע ביבליוגרפי
מחבר תאגידי: Đảng cộng sản việt nam
פורמט: ספר
יצא לאור: H. Sự thật 1979
נושאים:
תגים: הוספת תג
אין תגיות, היה/י הראשונ/ה לתייג את הרשומה!
Thư viện lưu trữ: Trung tâm Học liệu Lê Vũ Hùng, Trường Đại học Đồng Tháp
LEADER 00872pam a22002058a 4500
001 00000529
005 20171026081022.0
008 110322s1979 ||||||Viesd
041 0 # |a Vie 
082 1 4 |a 324.259 707 1  |b NGH300Q 
110 1 # |a Đảng cộng sản việt nam 
245 0 0 |a Nghị quyết hội nghị lần thứ sáu. Ban chấp hành trung ương Đảng (Khóa IV)  |b Về phương pháp, nhiệm vụ phát triển công nghiệp hàng tiêu dùng và công nghiệp địa phương 
260 # # |a H.  |b Sự thật  |c 1979 
300 # # |a 31 tr.  |c 19 cm. 
650 # 4 |a Đại hội ĐCSVN 
653 # # |a Nghị quyết  |a Đại hội 4  |a ĐCSVN 
852 # # |j KD.0000362 
852 # # |j KD.0000362  |b Kho đọc 
910 |d 22/03/2011 
980 # # |a Trung tâm Học liệu Lê Vũ Hùng, Trường Đại học Đồng Tháp